| 000 | 00000nam##2200000za#4500 |
| 001 | 9.689978 |
| 003 | CaOODSP |
| 005 | 20210624232135 |
| 007 | cr ||||||||||| |
| 008 | 150407|2007||||xxc|||||o f|0| 0 eng|d |
| 020 | |a978-0-662-46370-2 |
| 040 | |aCaOODSP|beng |
| 043 | |an-cn--- |
| 086 | 1 |aSC103-33/2-2007E-PDF |
| 110 | 2 |aCanada School of Public Service. |
| 245 | 10|aInteraction Canada pre-SLE session - level C oral interaction interview |h[electronic resource] |
| 260 | |aOttawa - Ontario : |bCanada School of Public Service |c2007. |
| 300 | |a123p. |
| 500 | |aFile reproduced from original print. The catalogue number and ISBN for the print edition appear in the PDF version. |
| 520 | 3 |aThe objective of the session is to prepare students for the Second Language Evaluation (SLE) Oral Interaction (OI) interview. |
| 590 | |a14-15-Supp|b2014-09-04 |
| 590 | |a14-52-Supp|b2014-08-22 |
| 690 | 07|aEnglish second language|2gcpds |
| 776 | 0#|tInteraction Canada pre-SLE session - level C, oral interaction interview |w(CaOODSP)9.650812 |
| 856 | 40|ahttp://publications.gc.ca|qPDF|s24,920 KB|uhttps://publications.gc.ca/collections/collection_2014/efpc-csps/SC103-33-2-2007-eng.pdf |